| 000 | 01846cam a2200505 i 4500 | ||
|---|---|---|---|
| 003 | PE-LiUPU | ||
| 005 | 20250731172842.0 | ||
| 008 | 140620s2014 ilu b 001 0 eng | ||
| 020 |
_a0830840575 _q(pbk. : _qalk. paper) |
||
| 020 |
_a9780830840571 _q(pbk. : _qalk. paper) |
||
| 020 |
_a9780830896622 _q(digital) |
||
| 035 | _a(Sirsi) i9780830840571 | ||
| 040 |
_aPE-LiUPU _bspa _cPE-LiUPU _erda |
||
| 049 | _aPRUA | ||
| 082 | 0 | 0 |
_a270 _bG54 _220 |
| 245 | 0 | 0 |
_aGlobal evangelicalism : _btheology, history and culture in regional perspective / _cedited by Donald M. Lewis and Richard V. Pierard. |
| 264 | 1 |
_aDowners Grove, Illinois : _bIVP Academic, _c2014. |
|
| 300 |
_a312 páginas ; _c23 centímetros. |
||
| 336 |
_atext _btxt _2rdacontent |
||
| 337 |
_aunmediated _bn _2rdamedia |
||
| 338 |
_avolume _bnc _2rdacarrier |
||
| 504 | _aÍndice : páginas 307-312. | ||
| 505 | 0 | 0 | _aTheoretical issues -- Evangelicalism at ground level regional case studies -- Issues in evangelical encounters with culture. |
| 526 | _aSEG42 | ||
| 526 | _aSEG41 | ||
| 526 | _aSEG40 | ||
| 526 | _aSEG39 | ||
| 526 | _aP94 | ||
| 526 | _aP87 | ||
| 526 | _aP86 | ||
| 526 | _aP85 | ||
| 526 | _aP77 | ||
| 526 | _aP76 | ||
| 526 | _aP35 | ||
| 650 | 0 | _aEvangelicalism. | |
| 700 | 1 |
_aLewis, Donald M., _eeditor. |
|
| 700 | 1 |
_aPierard, Richard V., _d1934-, _eeditor. |
|
| 910 |
_jck _bhop _chop _d20160525 |
||
| 942 |
_2ddc _cBOOK |
||
| 949 |
_a270 G54 _wDEWEY _c1 _i73191 _lCCODEBUL1 _mBUL _p30.00 _r0 _sY _tBOOK _u2016-5-25 _xTEOLOGIA _PP85 _0COMPRA _o.STAFF. Posgrado |
||
| 994 |
_aC0 _bPEPRU |
||
| 596 | _a1 | ||
| 999 |
_a270 G54 _wDEWEY _c9561 _i73191 _f2021-11-10 _g5 _lCCODEBUL1 _mBUL _p30.00 _r0 _sY _tBOOK _u2016-5-25 _xTEOLOGIA _PP85 _0COMPRA _o.STAFF. Posgrado _d9561 |
||
| 980 |
_81 _gALBERTO SANCHEZ Responsable de Automatización |
||